Reklama na alkohol v periodickej tlači

Bibliographic Details
Main Authors: Batíková, Nataša (Author), Mazág, Martin (Author)
Format: Article
Language:Slovak
ISSN:1335-0889
Subjects:

MARC

LEADER 00000nab a2200000 a 4500
001 vtls000678161
003 SK-MaSNL
005 20260304174004.0
008 160324c1998 xo 0 slo
015 |a SNBRB1998/12-33705 
035 |a CLN000030330 
040 |a SNKBUCL  |b slo  |c SNKBUCL  |e AACR2 
041 0 |a slo 
044 |a xo  |c SK 
080 |a 659.1:663.5:05:340.132  |2 1997 
080 |a 663.5  |2 1997 
080 |a 05  |2 1997 
080 |a 340.132  |2 1997 
100 1 |a Batíková, Nataša  |4 aut  |9 838636 
245 1 0 |a Reklama na alkohol v periodickej tlači  |c Nataša Batíková, Martin Mazág 
650 0 7 |a tlač periodická  |x alkohol  |x reklama  |x zákony  |2 snkbucl  |9 1504856 
650 0 7 |a alkohol  |2 snkbucl  |9 15497 
650 0 7 |a reklama a propagácia  |2 snkbucl  |9 66573 
655 7 |a články z novín a časopisov  |2 snkbucl  |9 267496 
700 1 |a Mazág, Martin  |4 aut  |9 268485 
773 0 |x 1335-0889  |t Stratégie v reklame, marketingu a médiách  |g Č. 12 (1998), s. 28-29 
850 |a Slovenská národná knižnica v Martine 
852 |a SNK  |b KIS3GCP 
958 |a SK 
958 |a CZ 
958 |a RBX 
999 |c 3006621  |d 3008551